000
00261pam a2200121 a 4500
020
_c
041
_a
eng
100
_a
Anne Frank.
245
_a
The Diary Of A Yong Girl
_h
Textual Documents
260
_a
[s.l]:
_b
Poclab Books
300
_a
235p.
930
_a
15558
999
_c
92458
_d
92458